00876nam a2200241 i 450000100060000000300090000600500170001500700030003200800410003502000180007608000390009410000360013324500640016926000370023330000400027049000310031065100570034170000250039883000390042385200330046299900170049595201220051217109ES-MaACL20251218063012.0t|001220s1997 sp ||||1| spa d a84-339-2534-2 a323.27:316.343.64(727.4)"1994/..."0 aMarcos, csubcomandante97651713aEl sueño zapatista / cSubcomandante Marcos, Yvon Le Bot. aBarcelona : bAnagrama, c[1997] a325 p., [8] h. de lám. ; c22 cm.1 aCrónicas Anagrama ; v34 4aChiapas-xHistoria-yRevuelta campesina, 1994-980371 aLe Bot, Yvon.9708380 aCrónicas Anagrama ; v349180220 aES-MaACLjL-23962 bR.129082 c17109d17109 00104070aATENEOMbATENEOMcDEPO2d2008-01-17eSCl0oL-23962p1017455r2023-02-23 00:00:00w2023-02-23yMONOGRAFIA